000 00672cam a22002293a 4500
001 17888
003 PGUSA
005 20140828083400.0
008 060301s2006||||xxu|||||s|||||000 1 eng d
040 _aPGUSA
_beng
042 _adc
050 4 _aPZ
100 1 _aFreeman, Mary Eleanor Wilkins,
_d1852-1930
245 1 0 _aComfort Pease and her Gold Ring
_h[electronic resource] /
_cMary Eleanor Wilkins Freeman
260 _bProject Gutenberg,
_c2006
506 _aPublic domain in the USA.
516 _aElectronic text
653 _aGirls -- Juvenile fiction
830 0 _aProject Gutenberg
_v17888
856 4 0 _uhttp://www.gutenberg.org/ebooks/17888
942 _cEB
999 _c247143
_d247143